000 00814nam a2200205 a 4500
001 000041655
005 20201002035705.0
008 131015s2003 sp 000 0 spa d
020 _a8400081943
040 _aDO-SdBNP
_bspa
_cBNPHU
100 1 _aHernando, Josep
_968445
245 1 0 _aEls esclaus islàmics a Barcelona blancs, negres, llors i turcs :
_bde l'esclavitud a la llibertat (S. XIV) /
_cJosep Hernando.
260 _aBarcelona :
_bHernando, Josep,
_c2003.
300 _a784 p. ;
_c25 cm.
490 1 _aAnuario de Estudios Medievales. Anejo ;
_v52
500 _aIncluye índice
504 _aIncluye referencias bibliográficas y notas al pie de las páginas
710 2 _aConsejo Superior de Investigaciones Científicas (España)
_915178
830 0 _aAnuario de Estudios Medievales. Anejo ;
_v52
_964050
999 _c41145
_d41145